000 00281nam a2200109Ia 4500
008 200302s9999 xx 000 0 und d
100 _aAndrew Blowers
245 _aPlanning for a Sustainable Environment
260 _bEarthscan Publications Ltd.
260 _c2006
300 _a239 P.,
999 _c5715
_d5715